Văn hóa Việt Nam, trước xu thế toàn cầu hóa : Thời cơ và thách thức /
Toàn cầu hoá kinh tế và toàn cầu hoá văn hoa. Văn hoá Việt Nam trước xu thế toàn cầu hoá hiện nay. Văn hoá đạo đức gia đình Việt Nam trước xu thế toàn cầu hoá. Quá trình chuyển đổi và phát triển vă hoá làng của Việt Nam trước xu thế toàn cầu hoá. Văn hoá các dân tộc Việt Nam trước xu thế toàn cầu ho...
Kaydedildi:
| Yazar: | |
|---|---|
| Materyal Türü: | Kitap |
| Dil: | Vietnamese |
| Baskı/Yayın Bilgisi: |
Hà Nội.
Văn hóa - Thông tin,
2007
|
| Konular: | |
| Etiketler: |
Etiketle
Etiket eklenmemiş, İlk siz ekleyin!
|
| Thư viện lưu trữ: | Mạng thư viện Đại học Đà Nẵng |
|---|
| LEADER | 01459nam a22003011a 4500 | ||
|---|---|---|---|
| 001 | 000039261 | ||
| 003 | 15556 | ||
| 005 | 20230417161721.0 | ||
| 008 | 160412s2007 000 | ||
| 020 | |c 47500 | ||
| 040 | |a LNN | ||
| 041 | |a vie | ||
| 082 | |a 306.09597 |b TH-D | ||
| 100 | |a Thành Duy, |c PGS.TS | ||
| 245 | 0 | |a Văn hóa Việt Nam, trước xu thế toàn cầu hóa : |b Thời cơ và thách thức / |c Phạm Duy. | |
| 260 | |c 2007 |b Văn hóa - Thông tin, |a Hà Nội. | ||
| 300 | |a 270tr. ; |c 20,5cm. | ||
| 520 | 3 | |a Toàn cầu hoá kinh tế và toàn cầu hoá văn hoa. Văn hoá Việt Nam trước xu thế toàn cầu hoá hiện nay. Văn hoá đạo đức gia đình Việt Nam trước xu thế toàn cầu hoá. Quá trình chuyển đổi và phát triển vă hoá làng của Việt Nam trước xu thế toàn cầu hoá. Văn hoá các dân tộc Việt Nam trước xu thế toàn cầu hoá. Văn hoá chính trị Việt Nam trước xu thế toàn cầu hoá. | |
| 650 | |a Văn hoá |b Việt Nam | ||
| OWN | |a LNN | ||
| 902 | |a Tham khao TV | ||
| AVA | |a UDN50 |b LNN |d 306.09597 TH-D |e available |t Error 5001 Not defined in file expand_doc_bib_avail. |f 3 |g 0 |h N |i 1 | ||
| 999 | |a From the UDN01 | ||
| AVA | |a UDN50 |b LNN |d 306.09597 TH-D |e available |t Error 5001 Not defined in file expand_doc_bib_avail. |f 3 |g 0 |h N |i 1 | ||
| TYP | |a Monograph | ||
| 980 | |a Mạng thư viện Đại học Đà Nẵng | ||